| 000 | 00899cam a2200253 a 4500 | ||
|---|---|---|---|
| 001 | 1165345 | ||
| 003 | ARRUPE | ||
| 005 | 20130930172346.0 | ||
| 008 | 961216s1997 mou b 001 0 eng | ||
| 010 | _a 96053175 | ||
| 020 | _a1556129068 (alk. paper) | ||
| 040 |
_aDLC _cDLC _dDLC |
||
| 050 | 0 | 0 |
_aBT83.78 _b.B73 1997 |
| 100 | 1 |
_aBradt, Kevin M. _91742 |
|
| 245 | 1 | 0 |
_aStory as a way of knowing / _cKevin M. Bradt. |
| 260 |
_aKansas City, MO : _bSheed & Ward, _cc1997. |
||
| 300 |
_axiv, 255 p. ; _c22 cm. |
||
| 504 | _aIncludes bibliographical references (p. 241-251) and index. | ||
| 650 | 0 |
_aStorytelling _xReligious aspects _xChristianity. _91743 |
|
| 650 | 0 |
_aKnowledge, Theory of (Religion) _91744 |
|
| 906 |
_a7 _bcbc _corignew _d1 _eocip _f19 _gy-gencatlg |
||
| 942 |
_2lcc _cMONOGRAPH |
||
| 999 |
_c118161 _d118161 |
||